Tous les pays commençant par N. - Statistiques

Statistiques générales
  • Ce quiz a été pris 211 fois
  • Le résultat moyen est 7 sur 8
Statistiques - réponses
Réponse % Correct
Namibie
90%
Norvège
88%
nicaragua
87%
Nouvelle Zélande
84%
Népal
81%
Niger
80%
Nigéria
79%
Nauru
73%
Aucun quiz correspondant
Distribution des résultats
% des personnes avec chaque résultat
Percentile par nombre de réponses
Votre historique - résultats
Vous n’avez pas pris ce quiz